|
|
|
|
| LEADER |
01065nam^a22003012a^4500 |
| 001 |
000863954 |
| 003 |
CZ BrMZK |
| 005 |
20090910083744.0 |
| 007 |
ta |
| 008 |
070831s1959 xr er|||||||||||cze d |
| 015 |
|
|
|a cnb000467649
|
| 035 |
|
|
|a (OCoLC)85327842
|
| 040 |
|
|
|a ABA001
|b cze
|c ULG001
|d ABA001
|
| 080 |
|
|
|a 885-93-32:371.232
|2 undef
|
| 100 |
1 |
|
|a Toman, Josef,
|d 1899-1977
|7 jk01132607
|4 aut
|
| 245 |
1 |
0 |
|a Táborový oheň /
|c Josef a Miroslava Tomanovi ; il. Václav Junek
|
| 250 |
|
|
|a 2., přeprac. vyd.
|
| 260 |
|
|
|a Praha :
|b SNDK,
|c 1959
|
| 300 |
|
|
|a 313 s. ;
|c 8°
|
| 490 |
1 |
|
|a Střelka ;
|v sv. 3
|
| 700 |
1 |
|
|a Junek, Václav,
|d 1913-1976
|7 jk01052158
|4 ill
|
| 700 |
1 |
|
|a Tomanová, Miroslava,
|d 1906-1991
|7 jk01132648
|4 aut
|
| 830 |
|
0 |
|a Střelka (SNDK)
|0 s
|
| 856 |
4 |
1 |
|u http://www.digitalniknihovna.cz/mzk/uuid/uuid:71936370-f088-11e3-a2c6-005056827e51
|y Digitalizovaný dokument
|x NDK
|
| 910 |
|
|
|a BOA001
|b 1-0424.767
|
| 990 |
|
|
|a BK
|
| 991 |
|
|
|b 200708
|
| 996 |
6 |
|
|b 2619247134
|c 1-0424.767
|l MZK
|r Sklad / do 1 hodiny
|n 1
|w 000863954
|u 000010
|a 1
|e BOA001
|j MZK50
|s P
|